Normal view
MARC view
- Electrical & Electronics
Entry Topical Term
001 - CONTROL NUMBER
- control field: 235
003 - CONTROL NUMBER IDENTIFIER
- control field: NUST
005 - DATE AND TIME OF LATEST TRANSACTION
- control field: 20170509155109.0
008 - FIXED-LENGTH DATA ELEMENTS
- fixed length control field: 170509|| aca||aabn | a|a d
040 ## - CATALOGING SOURCE
- Original cataloging agency: NUST
- Transcribing agency: NUST
150 ## - HEADING--TOPICAL TERM
- Topical term or geographic name entry element: Electrical & Electronics
670 ## - SOURCE DATA FOUND
- Source citation: Work cat.: (NUST)234902: DEGEM SYSTEMS 234, Modern Communication , c1976
